| 000 | 01873nam a2200469 i 4500 | ||
|---|---|---|---|
| 001 | 95595 | ||
| 003 | FlNmELB | ||
| 005 | 20241217172516.0 | ||
| 006 | m o d | | ||
| 007 | cr cnu|||||||| | ||
| 008 | 161112s2015 sp a ob 000 0 spa d | ||
| 020 | _z9788416133864 | ||
| 020 | _a9788416599165 (e book) | ||
| 035 | _a(MiAaPQ)EBC4675793 | ||
| 035 | _a(Au-PeEL)EBL4675793 | ||
| 035 | _a(CaPaEBR)ebr11259345 | ||
| 035 | _a(OCoLC)984795604 | ||
| 040 |
_aFINmELB _bspa _erda _cFINmELB |
||
| 050 | 4 |
_aPN1995.9.R4 _bI243 2015 |
|
| 080 | _a791.4:2 | ||
| 082 | 0 |
_a791.43682 _223 |
|
| 245 | 0 | 0 |
_aIglesia y primer franquismo a través del cine (1939-1959) / _cAntonio Manuel Moral Roncal, Ricardo Colmenero Martínez (coordinadores). |
| 264 | 1 |
_aAlcalá de Henares : _bServicio de Publicaciones. Universidad de Alcalá, _c2015. |
|
| 300 |
_a1 recurso en línea (184 páginas) : _bilustraciones |
||
| 336 |
_atexto _btxt _2rdacontent/spa |
||
| 337 |
_acomputadora _bc _2rdamedia/spa |
||
| 338 |
_arecurso en línea _bcr _2rdacarrier/spa |
||
| 504 | _aContiene referencias bibliográficas. | ||
| 588 | _aDescripción basada en recurso en línea; Título de la página del título en PDF (e-libro, visto November 12, 2016). | ||
| 590 | _aRecurso electronico. Santa Fe, Arg. : e-libro, 2016. Disponible via World Wide Web. El acceso puede ser limitado para las bibliotecas afiliadas a e-libro. | ||
| 650 | 0 | _aReligion in motion pictures. | |
| 650 | 0 |
_aMotion pictures _xReligious aspects. |
|
| 650 | 0 |
_aReligious films _zSpain _xHistory. |
|
| 650 | 4 | _aReligión. | |
| 650 | 4 | _aCine. | |
| 651 | 4 | _aEspaña. | |
| 655 | 4 | _aLibros electrónicos. | |
| 700 | 1 |
_aColmenero Martínez, Ricardo, _ecoordinador. |
|
| 700 | 1 |
_aMoral Roncal, Antonio, _ecoordinador. |
|
| 797 | 2 | _ae-libro, Corp. | |
| 856 | 4 | 0 | _uhttps://elibro.net/ereader/politecnicointernacional/44387 |
| 999 |
_c95595 _d95595 |
||